| 000 | 00686nam a2200193Ia 4500 | ||
|---|---|---|---|
| 008 | 130821s1982 ag a gr spa | ||
| 040 |
_aCo-BoUCM _bspa |
||
| 041 | 0 | 0 | _aspa |
| 060 | 0 | 4 | _aWS 340 |
| 100 | _aBobath, Karel | ||
| 245 | 1 | 0 |
_aBase neurofisiológica para el tratamiento de la parálisis cerebral _cKarel Bobath |
| 260 |
_aBuenos Aires (Argentina) _bEditorial Medica Panamericana _c1982 |
||
| 300 |
_a133 páginas _bilustraciones |
||
| 650 | 0 | 4 |
_aEnfermedades del sistema nervioso _914383 |
| 650 | 0 | 4 |
_aNeurología _920299 |
| 650 | 0 | 4 |
_aParálisis cerebral _921066 |
| 650 | 0 | 4 |
_aTrastornos del movimiento en niños _925784 |
| 942 |
_cLIBRO _a15 _e1 _mB663b _2NLM _hWS 340 _n0 |
||
| 999 |
_c42045 _d42045 |
||